000 01935cam a2200301 i 4500
999 _c8805
_d8805
003 OSt
005 20210112104137.0
008 150721t20152015njua 001 0 eng d
010 _a 2015301547
020 _a9781119035664
020 _a111903566X
035 _a(OCoLC)ocn907443808
042 _alccopycat
050 0 0 _aNA2700
_b.C46 2015
082 0 4 _a720.28/4
_223
_bCHI
100 1 _aChing, Francis D. K.,
_d1943-
_eauthor.
245 1 0 _aArchitectural graphics /
_cFrancis D.K. Ching.
250 _aSixth edition.
300 _avi, 266 pages :
_billustrations ;
_c27 cm
500 _aIncludes index.
505 0 0 _gPreface --
_tDrawing tool and materials --
_tArchitectural drafting --
_tArchitectural drawing systems --
_tMultiview drawings --
_tParaline drawings --
_tPerspective drawings --
_tRendering tonal values --
_tRendering context --
_tArchitectural presentations --
_tFreehand drawing --
_gIndex.
520 _aThis guide offers an introduction to using graphic tools and drafting conventions to translate architectural ideas into effective visual presentations, using drawings to illustrate the topic effectively. This updated edition includes new information on orthographic projection in relation to 3D models, and revised explanations of line weights, scale and dimensioning, and perspective drawing to clarify some of the most difficult concepts. New examples of modern furniture, APA facilities, and presentation layout provide more up-to-date visuals, and the Reference Center features all new animations, videos, and practice exercises.
650 0 _aArchitectural drawing.
856 4 2 _3Contributor biographical information
_uhttp://www.loc.gov/catdir/enhancements/fy1603/2015301547-b.html
856 4 1 _3Table of contents only
_uhttp://www.loc.gov/catdir/enhancements/fy1603/2015301547-t.html
856 4 2 _3Publisher description
_uhttp://www.loc.gov/catdir/enhancements/fy1606/2015301547-d.html
942 _2ddc